LEADER 01106nam a2200277 4500 001 000000361859 003 CaOOAMICUS 005 20250227105304.0 008 250226s2004 it 000 u ita r 020 $a88-7078-898-9 040 $aSeMil$bita 100 1 $aVirilio, Paul,$d<1932-2018>.$0(OLS)http://semarc/name/121564 240 10$aVille panique.$0(OLS)http://semarc/title/452671 245 10$aCittà panico :$bl'altrove comincia qui /$cPaul Virilio. 264 1$aMilano :$bCortina,$c2004. 300 $a129 p. ;$c20 cm 490 1 $aMinima ;$v74 650 4$aCittà - Sociologia.$0(OLS)http://semarc/subject/12874 830 0$aMinima ;$v74.$0(OLS)http://semarc/title/6338 850 $aSeMil 852 $aSeMil$W1$xVenegono$y1$m2G I 11$j254778$B252801$CSeMilBibl$Z2$F252801 $81 961 $aBuzzi mons. Franco - Omaggio 996 $6020$a88-7078-898-9$9(OLS)http://semarc/number/302575 996 $6245$aCittà panico :$bl'altrove comincia qui$9(OLS)http://semarc/title/452672 996 $6264$aMilano :$bCortina$9(OLS)http://semarc/publisher/43374 LEADER 01114nam a2200241 i 4500 001 000000225574 003 CaOOAMICUS 005 20131211000000.0 008 131211s1841 xx u000 u fre u 013 $a204476 040 $aSeMil$bita 100 1 $aDescuret, Jean-Baptiste-Félix,$d<1795-1871>.$0(OLS)http://semarc/name/12646 245 13$aLa médecine des passions, ou Les passions :$bconsidérée dans leurs rapports avec les maladies, les lois et la religion /$cdi J.-B. F. Descuret. 260 $aParis :$bBéchet Jne et Labé,$c1841. 300 $aXVI, 783 p. ;$c20 cm. 650 4$aVizi.$0(OLS)http://semarc/subject/3389 650 4$aPassioni.$0(OLS)http://semarc/subject/4471 850 $aSeMil 852 $aSeMil$W1$xVenegono$y1$m2R IV 46 FA$j175920$B175920$CSeMilBibl$Z2$F186436 $8I 941 1 $a10 961 $aRecupero: Mantegazza 996 $6245$aLa médecine des passions, ou Les passions :$bconsidérée dans leurs rapports avec les maladies, les lois et la religion$9(OLS)http://semarc/title/323122 996 $6260$aParis :$bBéchet Jne et Labé$9(OLS)http://semarc/publisher/53429 LEADER 00478nab a2200145 i 4500 001 000000310428 003 CaOOAMICUS 005 20180831173013.0 008 180831n xx uu u0 0und r 013 $a19520 040 $aSeMil$bita 100 1 $aBalan, Pietro .$0(OLS)http://semarc/name/4869 245 13$aIl laicato cattolico in Italia. 773 0 $t[Luglio-Dicembre].$g3-11,114-123$w()273981 996 $6245$aIl laicato cattolico in Italia$9(OLS)http://semarc/title/385218 LEADER 01314nam a2200325 i 4500 001 000000039427 003 CaOOAMICUS 005 20080822000000.0 008 080822s1991 it u000 u ita u 013 $a10162 020 $a8824607098 040 $aSeMil$bita 245 13$aLa filosofia di s. Agostino :$bantologia /$cRemo Piccolomini. 260 $aPalermo :$bEdizioni Augustinus,$c1991. 300 $a261 p. ;$c20 cm. 490 0 $aFilosofia per problemi ;$v9 650 4$aAgostino, Aurelio - Pensiero filosofico.$0(OLS)http://semarc/subject/39 700 1 $aPiccolomini, Remo.$0(OLS)http://semarc/name/362 700 0 $aAugustinus, Aurelius,$c.$0(OLS)http://semarc/name/498 830 0$aFilosofia per problemi ;$v9.$0(OLS)http://semarc/title/26272 850 $aSeMil 852 $aSeMil$W1$xVenegono$y1$m2P II 430$j5582$B5582$CSeMilBibl$Z2$F5582 $81 900 1 $aAgostino : d'Ippona. 900 1 $aSant'Agostino. 961 $aOmaggio: Scuola Cattolica 996 $6020$a8824607098$9(OLS)http://semarc/number/9096 996 $6245$aLa filosofia di s. Agostino :$bantologia$9(OLS)http://semarc/title/56140 996 $6260$aPalermo :$bEdizioni Augustinus$9(OLS)http://semarc/publisher/29665